| 000 | 00911nam a2200205Ia 4500 | ||
|---|---|---|---|
| 005 | 20240530102320.0 | ||
| 008 | 140319s1983 xx 000 0 ara d | ||
| 040 |
_aGCL / _cGCL |
||
| 082 | 0 | 4 |
_a412 / _bص ك |
| 100 | 1 | _aالحسن بن محمد بن الحسن الصغانى | |
| 245 | 1 | 0 |
_aكتاب الشوارد او ما تفرد به بعض ائمة اللغة / _cتاليف الحسن بن محمد بن الحسن الصغانى ؛ محقق مصطفى حجازى ؛ مراجع محمد مهدى علام |
| 260 |
_aالقاهرة : _bالهيئة العامة لشئون المطابع الاميرية ، _c1983 |
||
| 300 |
_a261 ص؛ _b24 سم |
||
| 650 | 0 | 4 | _aاللغة العربية |
| 650 | 0 | 4 | _aالاستقامة |
| 700 | 1 |
_aمصطفى حجازى _eمحقق |
|
| 700 | 1 |
_aمحمد مهدى علام _eمراجع |
|
| 942 |
_2ddc _cBK |
||
| 999 |
_c31387 _d31387 |
||